Estadísticas para Mapa das Cidades da Bahia

Haz click aquí para tomar la prueba!

Estadísticas generales

  • Esta prueba ha sido tomada 13 veces
  • La puntuación promedio es 14 de 16

Estadísticas de respuestas

Resposta % Correcto
Lauro de Freitas
100%
Salvador
100%
Porto Seguro
100%
Juazeiro
100%
Ilhéus
100%
Feira de Santana
100%
Camaçari
100%
Itabuna
90%
Barreiras
90%
Vitória da Conquista
90%
Alagoinhas
80%
Teixeira de Freitas
80%
Jequié
70%
Paulo Afonso
60%
Eunápolis
60%
Simões Filho
50%

Distribución de puntuación

Porcentaje por número respondido

Porcentaje de gente con cada puntuación

Historial de tus puntuaciones

No has tomado esta prueba